000 01128nam a22002297a 4500
999 _c62924
_d62924
003 Ge_BSU
005 20250320170346.0
008 250320s1992 ge ||||| |||| 00| 0 geo d
041 _ageo
080 _a611.81 კ-36
100 _aკაციტაძე, ზ.
_924473
245 _aადამიანის ანატომია :
_b ზურგის ტვინი. თავის ტვინი. პერიფერიული ნერვები. გრძნობათა ორგანოები /
_c ზ. კაციტაძე.
264 _aთბილისი,
_c1992.
300 _a216 გვ. ;
_b20 სმ.
653 _aადამიანის ანატომია
653 _aზურგის ტვინის ანატომია
653 _aთავის ტვინის ანატომია
653 _aპერიფერიული ნერვების ანატომია
653 _aგრძნობათა ორგანოების ანატომია
653 _aმედიცინა
942 _2udc
_cBK